Serve up a speciality (Record no. 74192)
[ view plain ]
| 000 -LEADER | |
|---|---|
| fixed length control field | 01013cab a2200229 4500 |
| 001 - CONTROL NUMBER | |
| control field | ABS67494 |
| 008 - FIXED-LENGTH DATA ELEMENTS--GENERAL INFORMATION | |
| fixed length control field | 040301n2004 000 0 eng u |
| 035 ## - SYSTEM CONTROL NUMBER | |
| System control number | (Sirsi) u125267 |
| 100 ## - MAIN ENTRY--PERSONAL NAME | |
| Personal name | Denvir, P. |
| 245 ## - TITLE STATEMENT | |
| Title | Serve up a speciality |
| 260 ## - PUBLICATION, DISTRIBUTION, ETC. | |
| Date of publication, distribution, etc. | 2004 |
| 490 ## - SERIES STATEMENT | |
| Series statement | Estates Gazette |
| Volume/sequential designation | (0407) 14 February 2004, 118-119(2) |
| 520 ## - SUMMARY, ETC. | |
| Summary, etc. | Reports on the results of a survey undertaken by PACE Partnership with the support of the Professional Services Marketing Group which explores the ways in which professional service firms market their services in order to acquire new clients. The survey focused on five key service sectors including property, accountancy, law, consulting engineering and IT and managing consultancy. Comments on how the property sector performed. |
| 590 ## - LOCAL NOTE (RLIN) | |
| Local note | ABS |
| 650 ## - SUBJECT ADDED ENTRY--TOPICAL TERM | |
| Topical term or geographic name entry element | PROFESSIONAL SERVICES |
| 650 ## - SUBJECT ADDED ENTRY--TOPICAL TERM | |
| Topical term or geographic name entry element | MARKETING |
| 650 ## - SUBJECT ADDED ENTRY--TOPICAL TERM | |
| Topical term or geographic name entry element | ABOUT RICS-RICS MEMBERS |
| 650 ## - SUBJECT ADDED ENTRY--TOPICAL TERM | |
| Topical term or geographic name entry element | PROPERTY SERVICES |
| 690 ## - LOCAL SUBJECT ADDED ENTRY--TOPICAL TERM (OCLC, RLIN) | |
| Topical term or geographic name as entry element | MANAGEMENT-BUSINESS MANAGEMENT |
| 700 ## - ADDED ENTRY--PERSONAL NAME | |
| Personal name | Walker, K. |
| 942 ## - ADDED ENTRY ELEMENTS (KOHA) | |
| Suppress in OPAC | 0 |
| Withdrawn status | Lost status | Source of classification or shelving scheme | Damaged status | Not for loan | Home library | Current library | Shelving location | Date acquired | Total Checkouts | Full call number | Barcode | Date last seen | Copy number | Price effective from | Koha item type |
|---|---|---|---|---|---|---|---|---|---|---|---|---|---|---|---|
| Dewey Decimal Classification | London | London | Journal article | 01/03/2004 | ABS67494 | 125267-1001 | 06/08/2019 | 1 | 06/08/2019 | Journal article |